000
00195 a2200097 4500
001
45839
100
_a
Whitaker
245
_a
Whitaker's almanac
260
_a
London
_b
_c
090
_c
28950
_d
28950
942
_a
NUST-CAE
_c
M
_c
21058
999
_c
280912
_d
280912